Identify the Country from the initials - Statistics

General Stats
  • This quiz has been taken 35 times
  • The average score is 11 of 14
Answer Stats
Hint Country % Correct
UK The United Kingdom of Great Britain and Northern Ireland
100%
NZ New Zealand
97%
USA The United States of America
97%
B&H Bosnia and Herzegovina
94%
DRC The Democratic Republic of the Congo
91%
UAE The United Arab Emirates
91%
PNG Papua New Guinea
80%
PRC The People’s Republic of China
74%
CAR The Central African Republic
71%
ROK The Republic of Korea
71%
DPRK The Democratic People's Republic of Korea
66%
RSA The Republic of South Africa
63%
ROI Republic of Ireland
49%
KSA The Kingdom of Saudi Arabia
49%
No matching quizzes found
Score Distribution
Percent of People with Each Score
Percentile by Number Answered
Your Score History
You have not taken this quiz